Sports Quiz

Random Sports or Soccer Quiz

Highest Ranked English Clubs 2018-19 (A-Z) Quiz Stats

 Plays Quiz Updated Jun 25, 2019

Score 0/24 Timer 06:00
1 Play Today
Letter Club % Correct
AArsenal
98.4%
CChelsea
97.1%
MManchester City
96.8%
LLiverpool
95.2%
EEverton
92.1%
TTottenham Hotspur
91.4%
FFulham
85.9%
WWolverhampton Wanderers
84.2%
NNewcastle United
83.4%
HHuddersfield Town
80.2%
QQueens Park Rangers
79.1%
SSouthampton
77.5%
Letter Club % Correct
BBournemouth
76.1%
IIpswich Town
75.5%
DDerby County
75%
YYeovil Town
63%
RReading
53.6%
GGillingham
49.4%
PPreston North End
46.4%
OOxford United
40.1%
KKidderminster Harriers
27.7%
UUnited of Manchester
8%
JJarrow
6.5%
VVCD Athletic
1.5%

You're not logged in!

Compare scores with friends on all Sporcle quizzes.
OR
Log In

Sporcle TV

Today on Sporcle TV


Watch our educational content, quiz creation guides, and fun videos on Sporcle TV.

Show Comments

Extras

Top Quizzes Today


Score Distribution

Your Account Isn't Verified!

In order to create a playlist on Sporcle, you need to verify the email address you used during registration. Go to your Sporcle Settings to finish the process.

Report this User

Report this user for behavior that violates our Community Guidelines.

Details: